000 01032nam a2200229Ia 4500
003 OSt
005 20241119153627.0
007 ca aa aaaaa
008 201103s9999 xx 000 0 und d
040 _cSSBUL
041 _abur
082 _223
_a၂၉၄.၃၆၅၇ ပ
_b၁၃၁၁၃ S-SAT
100 0 _aပညာဝံသ၊ အရှင်။
_918211
245 1 0 _aမိထွေးတော်ဂေါတမီနှင့် ဘိက္ခုနီသာသနာ /
_cအရှင် ပညာဝံသ။
250 _aဒုတိယအကြိမ်။
260 _aရန်ကုန် ၊
_bသာသနာထွန်းကားပြန့်ပွားရေးဦးစီးဌာန၊
_c၂၀၁၀။
300 _aခေါ့ ၊ ၄၃၁ စာမျက်နှာ ၊
_c၂၁ စင်တီ။
500 _aS-SAT: Dr. Sai Aung Tun
650 _aဘိက္ခုနီသာသနာ
_934632
650 _aဗုဒ္ဓဘာသာသီလရှင်
_954310
942 _cBK1
_2ddc
999 _c41091
_d41091